• 首页
  • 本馆介绍
  • 公告通知
  • 最新文献
  • 馆藏检索
  • 电子资源
  • 读者导购
  • 参考咨询
  • 我的图书馆
  • 登录
  • 详细信息显示
  • 放入我的书架
  • 预约/预借图书
  • 作者相关作品
  • 分类相关作品
  • 丛书相关作品
  • 出版社相关作品

书目信息

  • 表格格式
  • 工作单格式
  • 卡片格式
题名:
晶体生长手册
    
 
作者: 德哈纳拉 主编
分册: 第3册   溶液法晶体生长技术
出版信息: 哈尔滨   哈尔滨工业大学出版社  2013.01
页数: 35,238页
开本: 23cm
丛书名: Springer手册精选系列
单 册:
中图分类: O78
科图分类:
主题词: 晶体生长--手册--英文 , 熔体晶体生长--手册--英文 , 晶体生长 , 熔体晶体生长
电子资源:
ISBN: 978-7-5603-3868-2
000 01186oam2 2200325 450
001 012013021793
005 20170908085005.78
010    @a978-7-5603-3868-2@dCNY52.00
100    @a20130312e2013 em y0chiy50 ea
101 0  @aeng@gchi
102    @aCN@b230000
105    @aak z 000yy
106    @ar
200 1  @a晶体生长手册@9jing ti sheng zhang shou ce@dSpringer handbook of crystal growth@h第3册@i溶液法晶体生长技术@f(美)Govindhan Dhanaraj等主编@zeng
205    @a影印版
210    @a哈尔滨@c哈尔滨工业大学出版社@d2013.01
215    @a35,238页@c图@d23cm
225 2  @aSpringer手册精选系列
330    @a本手册针对目前备受关注的体材料晶体和薄膜晶体的生长技术水平进行阐述。我们的目的是使读者了解经常使用的生长工艺、材料生产和缺陷产生的基本知识。本书为第3册。
333    @a相关读者
461  0 @12001 @aSpringer手册精选系列
510 1  @aSpringer handbook of crystal growth@zeng
606 0  @a晶体生长@j手册@x英文
606 0  @a熔体晶体生长@j手册@x英文
606 0  @a晶体生长
606 0  @a熔体晶体生长
690    @aO78@v5
701  0 @c(美)@a德哈纳拉@9de ha na la@c(Dhanaraj, Govindhan)@4主编
801  0 @aCN@b人天书店@c20130312
905    @b992344-47@dO78@e9:3@f4
    
    晶体生长手册=Springer handbook of crystal growth.第3册.溶液法晶体生长技术/(美)Govindhan Dhanaraj等主编.-影印版.-哈尔滨:哈尔滨工业大学出版社,2013.01
    35,238页:图;23cm.-(Springer手册精选系列)
    使用对象:相关读者
    
    ISBN 978-7-5603-3868-2:CNY52.00
    本手册针对目前备受关注的体材料晶体和薄膜晶体的生长技术水平进行阐述。我们的目的是使读者了解经常使用的生长工艺、材料生产和缺陷产生的基本知识。本书为第3册。
●
相关链接 在E读中查询图书 在五车中查询图书 在当当中查询图书 在豆瓣中查询图书


正题名:晶体生长手册     索取号:O78/9:3         预约/预借

序号 登录号 条形码 馆藏地/架位号 状态 备注
1 992344   209923449   第二样本阅览室/ [索取号:O78/9:3] 在馆    
2 992345   209923458   第三借阅区/ [索取号:O78/9:3] 在馆    
3 992346   209923467   第三借阅区/ [索取号:O78/9:3] 在馆    
4 992347   209923476   第三借阅区/ [索取号:O78/9:3] 在馆    
唐山师范学院图书馆 欢迎您!
大连网信软件有限公司© 版权所有